Internet Acronyms - Statistics

General Stats
  • This quiz has been taken 32 times
  • The average score is 14 of 15
Answer Stats
Hint Answer % Correct
r are
100%
bc because
100%
btw by the way
100%
omg oh my god
100%
tbh to be honest
100%
u you
100%
u r you are
100%
wdym what do you mean
97%
brb be right back
93%
ur your
93%
fr for real
90%
ngl not gonna lie
87%
lol laugh out loud
83%
alr alright
80%
afk away from keyboard
77%
No matching quizzes found
Score Distribution
Percent of People with Each Score
Percentile by Number Answered
Your Score History
You have not taken this quiz